European Countries That End in IA - Statistics

General Stats
  • This quiz has been taken 505 times
  • The average score is 11 of 13
Answer Stats
Country % Correct
Albania
92%
Latvia
92%
Slovakia
91%
Serbia
90%
Slovenia
90%
Estonia
89%
Lithuania
89%
Romania
89%
Bulgaria
88%
Croatia
87%
Austria
84%
Macedonia
83%
Russia
80%
No matching quizzes found
Score Distribution
Percent of People with Each Score
Percentile by Number Answered
Your Score History
You have not taken this quiz